Vadászat eszközei és módjai II. Vadászati módok ; A lőtt vad birtokbavétele és kezelése ; A vad befogása ; A vadászterület berendezése /

Elmentve itt :
Bibliográfiai részletek
Szerző: Majzinger István
Dokumentumtípus: Könyv
Megjelent: Szegedi Tudományegyetem Mezőgazdasági Kar Állattudományi és Vadgazdálkodási Intézet Hódmezővásárhely 2006
Tárgyszavak:
Online Access:http://eta.bibl.u-szeged.hu/289
LEADER 00860nnm a2200193 i 4500
001 eta289
005 20181013151016.0
008 180515s2006 hu o 0|| hun d
040 |a SZTE Elektronikus Tananyag Archívum  |b hun 
041 |a hun 
100 1 |a Majzinger István 
245 1 0 |a Vadászat eszközei és módjai II.   |h [elektronikus dokumentum] :  |b Vadászati módok ; A lőtt vad birtokbavétele és kezelése ; A vad befogása ; A vadászterület berendezése /  |c  Majzinger István 
260 |a Szegedi Tudományegyetem Mezőgazdasági Kar Állattudományi és Vadgazdálkodási Intézet  |b Hódmezővásárhely  |c 2006 
300 |a 77 
516 |a Book 
650 4 |a Mezőgazdaság-tudományok 
650 4 |a Mezőgazdaság, erdészet, halászat 
650 4 |a Erdészet 
856 4 0 |u https://eta.bibl.u-szeged.hu/289/1/vadaszati_modok_vadbefogas.pdf  |z Dokumentum-elérés